BIBLIOTHÈQUE DE LA MAISON DU MEXIQUE

Logo 1 Logo 2

De los signos y los conceptos (notice nᵒ 515)

détails MARC
000 -Sello discográfico
campo de control de longitud fija 01202nam a2200337 4500
005 - Identificación de versión
campo de control 20251016082249.0
010 ## - Número Estándar Internacional de Libros (ISBN)
Número (ISBN) 968-36-1027-7
035 ## - Otros números de control del sistema
Número de control del sistema 18778
099 ## - fechas locales
Tipo de ítem Koha LIBRO
100 ## - Datos de procesamiento general
Datos de procesamiento general 19950828d1989 m y1spay5003 ba
105 ## - Campo de datos codificados: Material textual, monográfico
Datos codificados de monografía y 001zy
200 1# - Título y mención de responsabilidad
Título propio De los signos y los conceptos
Designación general del material texto impreso
Primer mención de responsabilidad Juan de Santo Tomás
Declaración de responsabilidad subsiguiente introducción, traducción y notas de Mauricio Beuchot
205 ## - Declaración de edición
Declaración de edición 1a ed
210 ## - Publicación, distribución, etc.
Lugar de publicación, distribución, etc. México
Nombre del editor, distribuidor, etc. Universidad Nacional Autónoma de México, Instituto de Investigaciones Filosóficas
Fecha de publicación, distribución, etc. 1989
215 ## - Descripción física
Designación de material específico y extensión del ítem 214 p
Dimensiones 23 cm
300 ## - Notas generales
Texto de la nota Traducción de: Ars Logica. Secunda Pars: Super Libros Perihermeneias; Circa Libros Priorum; Quaestiones XXI-XIII
345 ## - Nota de información de adquisición
Fuente de adquisición/dirección de la suscripción [OBSOLETO] Donación de la UNAM
410 #1 - Series
Título Colección Estudios Clásicos
606 ## - Término temático usado como materia
Elemento de entrada Filosofía
Subdivisión temática Historia
Número Koha 1503
606 ## - Término temático usado como materia
Elemento de entrada Semiótica
Número Koha 1504
660 ## - Código de área geográfica
Código MX
700 ## - Nombre personal - Responsabilidad primaria
Elemento de entrada Poinsot
Parte del nombre distinta del elemento de entrada Juan
Fechas 1589-1644
Adiciones a los nombres que no sean fechas Juan de Santo Tomás
Número Koha 1505
702 ## - Nombre personal - Responsabilidad secundaria
Elemento de entrada Beuchot Puente
Parte del nombre distinta del elemento de entrada Mauricio
Fechas 1950-
Número Koha 1292
801 #0 - Fuente de origen
Agencia cm
900 ## -
-- 1/11874
900 ## -
-- 71095783\\\280895
942 ## - ELEMENTOS DE ENTRADA SECUNDARIOS (KOHA)
Tipo de ítem Koha Livre
996 ## -
-- MEX
-- 751145101
-- MMAG
-- 004216
-- 160 S272
-- 20201110LIV
Exemplaires
Estatus retirado Estado de daño Estado de pérdida Fecha de adquisición Biblioteca de origen Biblioteca actual Ubicación en estantería Código de barras Precio de reemplazo Signatura topográfica completa No para préstamo Tipo de ítem Koha Nota pública Nota no pública
      05/08/2025 Casa México Paris Casa México Paris   004216 05/08/2025 160 S272   Livre 20201110LIV 751145101